Library Banner

Jumhooriyyat numaaindagi aur nizaam-e-intikhaab (Urdu) (Record no. 41888)

MARC details
000 -LEADER
fixed length control field 00470nam a2200181Ia 4500
001 - CONTROL NUMBER
control field 43888
008 - FIXED-LENGTH DATA ELEMENTS--GENERAL INFORMATION
fixed length control field 140425s9999 xx 000 0 und d
020 ## - INTERNATIONAL STANDARD BOOK NUMBER
International Standard Book Number NA
040 ## - CATALOGING SOURCE
Transcribing agency PK-LaUMT
082 ## - DEWEY DECIMAL CLASSIFICATION NUMBER
Classification number RHC 321.8
Item number FAT-G
100 ## - MAIN ENTRY--PERSONAL NAME
Personal name Fatak Aziz Ch.
245 ## - TITLE STATEMENT
Title Jumhooriyyat numaaindagi aur nizaam-e-intikhaab (Urdu)
Statement of responsibility, etc Fatak Aziz Ch.
260 ## - PUBLICATION, DISTRIBUTION, ETC. (IMPRINT)
Place of publication, distribution, etc Multan,Pakistan:
Name of publisher, distributor, etc Nighran Friends Publications,
Date of publication, distribution, etc 1968
300 ## - PHYSICAL DESCRIPTION
Extent 112 p.
546 ## - LANGUAGE NOTE
Language note UR
650 ## - SUBJECT ADDED ENTRY--TOPICAL TERM
Topical term or geographic name as entry element ,
942 ## - ADDED ENTRY ELEMENTS (KOHA)
Koha item type Books
Holdings
Withdrawn status Lost status Damaged status Not for loan Home library Current library Date acquired Total Checkouts Full call number Barcode Date last seen Price effective from Koha item type
        UMT Main Campus UMT Main Campus 2014-04-25   RHC 321.8 FAT-G 47412 2014-05-06 2014-05-06 Books